00333nam a22000977a 4500008004100000100002100041245003700062260004300099300005000142773004300192260625b ||||| |||| 00| 0 eng d aKothari, Rita  aMaleer: The metaphysics of home  aIndia International Center Quarterly  a52 (3&4), Winter 2025- Summer 2026: p.100-111 aIndia International Center Quarterly